पानी का परिचय / (Record no. 120866)
[ view plain ]
| 000 -LEADER | |
|---|---|
| fixed length control field | 01066nam a22002537a 4500 |
| 005 - DATE AND TIME OF LATEST TRANSACTION | |
| control field | 20170124103204.0 |
| 010 ## - LIBRARY OF CONGRESS CONTROL NUMBER | |
| LC control number | B-142704 |
| 020 ## - INTERNATIONAL STANDARD BOOK NUMBER | |
| Terms of availability | 150.00 |
| International Standard Book Number | 8190155806 |
| 035 ## - SYSTEM CONTROL NUMBER | |
| System control number | B-142704 |
| 037 ## - SOURCE OF ACQUISITION | |
| Source of stock number/acquisition | Cen Lib/Ret |
| 040 ## - CATALOGING SOURCE | |
| Original cataloging agency | DPL |
| Language of cataloging | HN |
| 082 ## - DEWEY DECIMAL CLASSIFICATION NUMBER | |
| Classification number | 553.7 |
| Item number | जोसली |
| 100 ## - MAIN ENTRY--PERSONAL NAME | |
| Personal name | जोसलीन, आई.सी. |
| 9 (RLIN) | 93060 |
| 245 ## - TITLE STATEMENT | |
| Title | पानी का परिचय / |
| Statement of responsibility, etc | आई.सी.जोसलीन |
| 246 ## - VARYING FORM OF TITLE | |
| Title proper/short title | Pani ka parichey / |
| Remainder of title | by I.C.Josleen |
| 260 ## - PUBLICATION, DISTRIBUTION, ETC. (IMPRINT) | |
| Place of publication, distribution, etc | दिल्ली |
| Name of publisher, distributor, etc | सर्वोदय साहित्य संस्थान |
| Date of publication, distribution, etc | 1987 |
| 270 ## - ADDRESS | |
| City | दिल्ली |
| Address | 512-बी, गली नं.1, विश्वास नगर औद्योगिक शेत्र |
| Postal code | 110032 |
| 300 ## - PHYSICAL DESCRIPTION | |
| Extent | 135पृ. : |
| Dimensions | 20सेमी(सजिल्द) |
| Other physical details | सचित्र |
| 650 ## - SUBJECT ADDED ENTRY--TOPICAL TERM | |
| Topical term or geographic name as entry element | पानी -- तत्व |
| 9 (RLIN) | 1541 |
| 650 ## - SUBJECT ADDED ENTRY--TOPICAL TERM | |
| Topical term or geographic name as entry element | पानी -- आवश्यक |
| 9 (RLIN) | 3679 |
| 650 ## - SUBJECT ADDED ENTRY--TOPICAL TERM | |
| Topical term or geographic name as entry element | Water - element |
| 9 (RLIN) | 93061 |
| 650 ## - SUBJECT ADDED ENTRY--TOPICAL TERM | |
| Topical term or geographic name as entry element | Water - essential |
| 9 (RLIN) | 93062 |
| 942 ## - ADDED ENTRY ELEMENTS (KOHA) | |
| Source of classification or shelving scheme | Dewey Decimal Classification |
| Koha item type | Hindi Books |
| Classification part | 553.7 |
| Call number suffix | जोसली |
| Withdrawn status | Lost status | Damaged status | Not for loan | Home library | Current library | Date acquired | Source of acquisition | Cost, normal purchase price | Total Checkouts | Full call number | Barcode | Date last seen | Date checked out | Copy number | Cost, replacement price | Price effective from | Koha item type |
|---|---|---|---|---|---|---|---|---|---|---|---|---|---|---|---|---|---|
| Central Library | Central Library | 29/09/2015 | Cen Lib/Ret | 150.00 | 1 | 553.7 जोसली | B-142704 | 05/01/2018 | 11/12/2017 | 1 | 150.00 | 29/09/2015 | Hindi Books |
